000 00358nam a2200145 a 4500
005 20140414093834.0
008 030611s19uu xx 00 eng d
050 _aCDR 030
_bGro 1995
245 _aThe 1995 Grolier multimedia encyclopedia.
500 _a"version 7.0"
650 _aCD-ROM.
650 _aEncyclopedia.
942 _cAVM
999 _c108903
_d108903